000 00935nam a2200253Ia 4500
003 GCL
008 140319s9999 xx 000 0 ara d
040 _aGCL /
_cGCL
082 0 4 _a526.9
_bم م
100 1 _aمحمود حسنى عبدالرحيم
245 1 0 _aالمكتبة المساحية /
_cمحمود حسنى عبدالرحيم
700 1 _aمحمد رشادالدين مصطفى حسين
260 _aبيروت :
_bدار الراتب الجامعية ،
_c1985
300 _aمتعدد ؛
_c24 سم
490 _aالمكتبة المساحية
_v0
650 0 4 _aالهندسة
650 0 4 _aالمساحة الطبوغرافية
650 0 4 _aالمساحة الجيوديسية
650 0 4 _aالمسح الطبوغرافى
650 0 4 _aالمساحة التاكيومترية
650 0 4 _aالمساحة الفوتوجرامترية
650 0 4 _aالمساحة التفصيلية
942 _2ddc
_cBK
999 _c52400
_d52400